Development of constructive feedback environment in Novices' Summarizing Strategies Identification Tool (NoSSIT) /
Saved in:
| 主要作者: | |
|---|---|
| 格式: | Thesis 图书 |
| 语言: | English |
| 出版: |
2012.
|
| 主题: | |
| 标签: |
添加标签
没有标签, 成为第一个标记此记录!
|
| LEADER | 00976cam a2200241 a 4500 | ||
|---|---|---|---|
| 001 | u867862 | ||
| 003 | SIRSI | ||
| 005 | 201211051554 | ||
| 008 | 121105s2012 my a t 000 0 eng m | ||
| 040 | |a UMM | ||
| 090 | |a QA76 |b UM 2012 Che | ||
| 100 | 1 | |a Chew, Chiou Sheng. | |
| 245 | 1 | 0 | |a Development of constructive feedback environment in Novices' Summarizing Strategies Identification Tool (NoSSIT) / |c Chew Chiou Sheng. |
| 260 | |c 2012. | ||
| 300 | |a xi, 86 leaves : |b ill. ; |c 30 cm. | ||
| 502 | |a Dissertation (M.Comp.Sc.) -- Jabatan Kepintaran Buatan, Fakulti Sains Komputer dan Teknologi Maklumat, Universiti Malaya, 2012. | ||
| 504 | |a Bibliography: leaves 85-86. | ||
| 596 | |a 1 | ||
| 650 | 0 | |a Artificial intelligence |x Educational applications. | |
| 650 | 0 | |a Education |x Data processing. | |
| 710 | 2 | |a Universiti Malaya. |b Jabatan Kepintaran Buatan. | |
| 900 | |a US-ZA | ||
| 999 | |a QA76 UM 2012 CHE |w LC |c 1 |i A515361596 |d 13/6/2013 |f 13/6/2013 |g 1 |l STACKS |m P01UTAMA |r Y |s Y |t TESIS |u 12/6/2013 | ||
